000
00249nam a2200109Ia 4500
005
20251222144820.0
008
251222s9999||||xx |||||||||||||| ||spa||
082
_a
818.53/B86U
100
_a
"Buck, Pearl S."
245
0
_a
Puente de paso
942
_c
LIB
999
_c
20452
_d
20452